| Tag |
First Indicator |
Second Indicator |
Subfields |
| LEADER |
00000cam a2200000 a 4500 |
| 001 |
in00000099117 |
| 005 |
20150924155908.0 |
| 007 |
he bm| ba|| |
| 008 |
810716r1807 kyua b 00000 eng d |
| 035 |
|
|
|a (OCoLC)07589486
|
| 035 |
|
|
|9 AAK9984AM
|
| 040 |
|
|
|a GUA
|c GUA
|d TXA
|d UtOrBLW
|
| 043 |
|
|
|a e-fr---
|
| 049 |
|
|
|a TXAI
|
| 052 |
|
|
|a 5830
|
| 099 |
|
|
|a fiche
|a C
|a 3848
|
| 100 |
1 |
|
|a Maclure, William,
|d 1763-1840.
|
| 245 |
1 |
0 |
|a To the people of the United States.
|
| 264 |
|
1 |
|a Philadelphia :
|b [publisher not identified],
|c 1807.
|
| 300 |
|
|
|a 145 pages :
|b illustrations ;
|c 21 cm.
|
| 336 |
|
|
|a text
|b txt
|2 rdacontent
|
| 337 |
|
|
|a microform
|b h
|2 rdamedia
|
| 338 |
|
|
|a microfiche
|b he
|2 rdacarrier
|
| 500 |
|
|
|a A statement of the transactions of the Board of Commissioners appointed in 1803 for the adjustment of claims of American citizens against the French government.
|
| 500 |
|
|
|a "Sabin : 43556."
|
| 500 |
|
|
|a "Copied from the original in the Library of Congress."
|
| 533 |
|
|
|a Microfiche.
|b Louisville, [Ky] :
|c Lost Cause Press,
|d 1978.
|e 3 microfiches : negative ; 11 x 15 cm.
|f ([Bibliotheca Americana. Selected Americana. Microfiche ed. / J. Sabin]) (Fiche book)
|
| 500 |
|
|
|a Microform.
|
| 650 |
|
0 |
|a French spoliation claims.
|
| 650 |
|
0 |
|a Louisiana Purchase.
|
| 999 |
|
|
|a MARS
|
| 999 |
f |
f |
|s fc48d732-25a3-3da4-8100-a14404619760
|i 888a9118-9d41-3d57-b986-4ce4fe1f5f08
|t 0
|
| 952 |
f |
f |
|p normal
|a Texas A&M University
|b College Station
|c Sterling C. Evans Library
|d Evans: Microforms (3rd floor)
|t 0
|e fiche C 3848
|h Other scheme
|i microform -- microfiche
|m A14821396594
|
| 998 |
f |
f |
|a fiche C 3848
|t 0
|l Evans: Microforms (3rd floor)
|